000 01011nam a2200241Ia 4500
999 _c36715
_d36715
001 2645
003 GE_BSU
005 20230406170242.0
008 181216s2011||||ge |||||||||||||| ||geo||
020 _a9789941921292
040 _cGE_BSU
041 _ageo
080 _a94 (479.223) უ–28
100 _aუზუნაძე, რევაზ.
_92427
245 _aსოფელ ერგეს წარსულიდან 1 :
_b(გვარსახელები) /
_cრევაზ უზუნაძე; [რედ. თამაზ ფუტკარაძე].
264 _aთბილისი :
_b[ინოვაცია].
_c2011.
300 _a175 გვ.;
_b20სმ.
541 _h7 ლ.
653 _aქართული გვარების ისტორია
653 _aსაქართველოს სოფლების ისტორია
700 _aფუტკარაძე, თამაზ
_eრედაქტორი
_917533
942 _cBK
_2udc